01432 2200397 4500001002100000005001500021007000300036008004100039020002200080035002000102040001700122041000800139082001100147084001900158090001800177100003200195245027300227250001300500264003400513300004300547336002100590337003000611338002300641500001100664650002400675700004300699700003700742700004200779700004800821700003800869700004800907850001000955990002300965990002300988990002301011INLIS00000000000571020260426121409ta260426 0  a978-979-015-814-6 a0010-0222000800 aSBPUPADbInd0 aInd a330.12 a330.12 MIC p/I a332 HAR m 9-20 aMichael P.TodaroePengarang1 aEconomic Development /Ninth Edition = Pembangunan Ekonomi/ Edisi Kesembilan, Jilid Satu /cMichael P.Todaro, Stephen C. Smith + Editor ke-1 : Devri Barnadi , Editor ke-2 : Suryadi , Editor ke-3 : Wibi Hardani + Penerjemah ke-1 : Haris Munandar , Penerjemah ke-2 : Puji a.-cet.11 a.--Jakarta :bErlangga,c2006 axxiv. 622 hlm. :billus. ;c19 X 23 cm 2rdacontentaTeks 2rdamediaaTanpa Perantara 2rdacarrieraVolume aIndeks 4aPembangunan Ekonomi aEditor ke-1 : Devri BarnadiePengarang aEditor ke-2 : SuryadiePengarang aEditor ke-3 : Wibi HardaniePengarang aPenerjemah ke-1 : Haris MunandarePengarang aPenerjemah ke-2 : PujiePengarang aPengarang ke-2 : Stephen C.SmithePengarang aPUPAD a17983/Br/KAPD/2012 a17985/Br/KAPD/2012 a17986/Br/KAPD/2012